Länder mit gleichgeschlechtlicher Ehe - Statistiken

Allgemein
  • Dieses Quiz wurde 87 mal gespielt
  • Das Durchschnittsergebnis liegt bei 22 aus 28
Antwortstatistiken
in Kraft seit Land % Korrekt
01.10.2017 Deutschland
100%
01.05.2009 Schweden
100%
01.01.2009 Norwegen
99%
01.03.2017 Finnland
97%
26.06.2015 Vereinigte Staaten
97%
15.06.2012 Dänemark
96%
03.07.2005 Spanien
96%
20.07.2005 Kanada
95%
01.01.2019 Österreich
95%
05.06.2010 Portugal
95%
01.06.2003 Belgien
91%
01.04.2001 Niederlande
91%
13.01.2020 Vereinigtes Königreich
91%
09.01.2018 Australien
89%
01.01.2015 Luxemburg
88%
18.05.2013 Frankreich
86%
16.11.2015 Irland
84%
19.08.2013 Neuseeland
84%
27.06.2010 Island
79%
16.05.2013 Brasilien
75%
22.07.2010 Argentinien
66%
05.08.2013 Uruguay
55%
01.09.2017 Malta
51%
30.11.2006 Südafrika
51%
08.07.2019 Ecuador
49%
28.04.2016 Kolumbien
43%
24.05.2019 Taiwan
41%
26.05.2020 Costa Rica
33%
Keine übereinstimmenden Quizze gefunden
Verteilung der Resultate
Anzahl Personen mit jedem Resultat
Perzentil nach korrekt beantworteten Fragen
Ihre Resultats-Entwicklung
Sie haben dieses Quiz noch nicht gespielt